| 000 | 00784nam a22002537a 4500 | ||
|---|---|---|---|
| 005 | 20170124110152.0 | ||
| 010 | _aB-167037 | ||
| 020 |
_c00.00 _a8178295369 |
||
| 035 | _aB-167037 | ||
| 037 | _bCen Lib/Ret | ||
| 040 |
_aDPL _bEN |
||
| 082 |
_a659.2 _bTRE |
||
| 100 |
_aTreadwell, Donald _934267 |
||
| 245 |
_aPublic relations writing : _cby Donald Treadwell [and] Jill B.Treadwell _bprinciples in practice / |
||
| 250 | _a2nd ed | ||
| 260 |
_aNew Delhi _bSage Publications _c2005 |
||
| 270 |
_aB-42, Panchsheel Enclave _bNew Delhi _e110017 |
||
| 300 |
_axxvi,517p. _c24cm(Hb) |
||
| 500 | _aIncludes index | ||
| 650 |
_aPublic relations _9736 |
||
| 650 |
_aBusiness writing _918649 |
||
| 700 |
_aTreadwell, Jill B. _934268 |
||
| 942 |
_2ddc _cEN _h659.2 _mTRE |
||
| 999 |
_c132301 _d132301 |
||